000 00535nam a22001937a 4500
005 20210419073314.0
008 210221s1968 ||||| |||| 00| 0 eng d
040 _cDlC
_aeng
041 _aeng
080 _a821.111
_bG-45
100 _aGilbert Michael
_91025
245 _aDeath in Captivity
_c/ by: Lancer Books
260 _aNew York
_bLancer Books
_c1968
300 _a351 p.
365 _b0.75 usd
650 0 _9247
_aEnglish literature
653 _aინგლისური ლიტერატურა
942 _2udc
_cBK
999 _c1939
_d1939